000 00671cam a2200241 4500
001 J1719
008 090401t1993 xxu||||| |||| 00| 0 eng d
035 _a(Sirsi) u45182
041 _aeng
050 _a346.4104343
110 _aD. J. Freeman
_9794
245 4 _aThe leasebook.
260 _aLondon
_bD J Freeman
_c1993
300 _aviii,36p. ; 30cm.
350 _a0
520 _aAn example of a book of standard lease terms intended for multi-let commercial buildings.
650 _aBUSINESS LEASES
650 _aPROPERTY-COMMERCIAL PROPERTY
650 _aLEASES
690 _aLANDLORD AND TENANT-BUSINESS TENANCIES
942 _n0
948 _c04/03/1997
999 _c91654
_d91654